Landen Met Dubbele Letters Die Het Dichtst Bij Nederland - Statistics

General Stats
  • This quiz has been taken 36 times
  • The average score is 2 of 5
Answer Stats
Afstand Land % Correct
1,107 km (688 miles) Andorra
77%
1,980 km (1,230 miles) Marokko
55%
1,812 km (1,126 miles) Rusland
18%
5,596 km (3,477 miles) Guinee-Bissau
14%
4,846 km (3,011 miles) Kameroen
14%
No matching quizzes found
Score Distribution
Percent of People with Each Score
Percentile by Number Answered
Your Score History
You have not taken this quiz